00504nam a2200193 a 4500001001300000003000900013005001700022008004100039020001000080082001900090100002700109245002200136260004100158300000900199500003500208505002400243650001600267700002700283nice12345678IN_TiNIC20260116012924.0050524s1921 laha grp 000 0 urd  ac10000a891.4391bNAJ1 aNajmul Ghani, Muhammad aMiftahul Balaghat aLahorebPaisa Newspaper Officec1921 a208p aincludes index and biblioraphy2 aBibliography, Index aUrdu-Poetry1 aNajmul Ghani, Muhammad